Estrategia de desarrollo y modelos de planificacion /

Bibliographic Details
Main Author: Foxley, Alejandro
Format: Book
Language:Spanish
Published: Mexico : Fondo de Cultura Economica, 1975.
Edition:1a ed.
Series:Sección de obras de economía (Fondo de Cultura Económica (Mexico))
Subjects:

MARC

Tag First Indicator Second Indicator Subfields
LEADER 00000cam a2200000 a 4500
001 in00000371021
005 20151011085439.0
008 751107s1975 mx a b 00010 spa d
035 |a (OCoLC)01814823 
035 |9 ABQ4951AM 
040 |a FXG  |c FXG  |d m.c.  |d TXA  |d UtOrBLW 
049 |a TXAM  |c [1657298] 
090 |a HD85.S7  |b F6 1975 
100 1 |a Foxley, Alejandro. 
245 1 0 |a Estrategia de desarrollo y modelos de planificacion /  |c  Alejandro Foxley R. 
250 |a 1a ed. 
264 1 |a Mexico :  |b Fondo de Cultura Economica,  |c 1975. 
300 |a 180 pages :  |b illustrations ;  |c 21 cm. 
336 |a text  |b txt  |2 rdacontent 
337 |a unmediated  |b n  |2 rdamedia 
338 |a volume  |b nc  |2 rdacarrier 
490 1 |a Seccion de obras de economia 
504 |a Includes bibliographical references. 
650 0 |a Economic development  |x Mathematical models. 
650 0 |a Economic policy  |x Mathematical models. 
830 0 |a Sección de obras de economía (Fondo de Cultura Económica (Mexico)) 
999 |a MARS 
999 f f |s bb992eb2-92c3-362f-a472-3f88a344f28c  |i 498a7fd8-7808-343b-a0a0-62363f370d33  |t 0 
952 f f |p ric  |a Texas A&M University  |b Rellis Campus  |c Joint Library Facility  |d Remote Storage  |t 0  |e HD85.S7 F6 1975  |h Library of Congress classification  |i unmediated -- volume  |m A14807502482 
998 f f |a HD85.S7 F6 1975  |t 0  |l Remote Storage